Central Library OPAC University of Rajshahi

The mystery of Edwin Drood / (Record no. 20102)

MARC details
000 -LEADER
fixed length control field 00809nam a2200265 a 4500
001 - CONTROL NUMBER
control field 20102
003 - CONTROL NUMBER IDENTIFIER
rucl marc code BD-RjUL
005 - DATE AND TIME OF LATEST TRANSACTION
control field 20211209000524.0
008 - FIXED-LENGTH DATA ELEMENTS--GENERAL INFORMATION
fixed length control field 140226r19491870enkafh 000 1 eng d
020 ## - INTERNATIONAL STANDARD BOOK NUMBER
International Standard Book Number 0198124392
035 ## - SYSTEM CONTROL NUMBER
System control number (OCoLC)508807
-- (BD-RjUL)20164
040 ## - CATALOGING SOURCE
Original cataloging agency DLC
Transcribing agency DLC
Modifying agency BD-RjUL
Language of cataloging eng
041 ## - LANGUAGE CODE
Language code of text/sound track or separate title eng
082 ## - DEWEY DECIMAL CLASSIFICATION NUMBER
Classification number 823.1
Author mark and year DIM 1949
100 1# - MAIN ENTRY--PERSONAL NAME
Personal name Dickens, Charles,
Dates associated with a name 1812-1870.
9 (RLIN) 61898
245 14 - TITLE STATEMENT
Title The mystery of Edwin Drood /
Statement of responsibility, etc. Charles Dickens ; Note by Williams, Charles
260 ## - PUBLICATION, DISTRIBUTION, ETC. (IMPRINT)
Place of publication, distribution, etc. London :
Name of publisher, distributor, etc. Oxford University Press,
Date of publication, distribution, etc. 1870 [Reprinted 1949].
300 ## - PHYSICAL DESCRIPTION
Pagination 376 p., :
Illustrations ill. ;
Size 23 cm.
490 1# - SERIES STATEMENT
Series statement The Clarendon Dickens
650 ## - SUBJECT ADDED ENTRY--TOPICAL TERM
Topical term or geographic name as entry element English fiction
9 (RLIN) 61899
700 1# - ADDED ENTRY--PERSONAL NAME
Personal name Williams, Charles
942 ## - ADDED ENTRY ELEMENTS (KOHA)
Source of classification or shelving scheme Dewey Decimal Classification
Koha item type Books
Holdings
Lost status Source of classification or shelving scheme Damaged status Not for loan Collection code Permanent Location Current Location Shelving location Date acquired Source of acquisition Cost, normal purchase price Total Checkouts Full call number Date last seen Copy number Koha item type
  Dewey Decimal Classification     Fiction Central Library, University of Rajshahi Central Library, University of Rajshahi Reading Room 25/10/1954 O.U.P. 2.00   823.1 DIM 1949 26/02/2014 C-3 Books
  Dewey Decimal Classification   Not For Loan Fiction Central Library, University of Rajshahi Central Library, University of Rajshahi Reading Room 17/01/1955 O.U.P. 2.13   823.1 DIM 1949 23/11/2025 C-1 Books